000 00259nam a2200109Ia 4500
005 20251222153547.0
008 251222s9999||||xx |||||||||||||| ||spa||
082 _a498.542.01/J84/T.3
100 _a"Juep Nampin, Jorge J."
245 0 _aDuik MĂșun
942 _cLIB
999 _c30692
_d30692